<?xml version="1.0" encoding="UTF-8"?>
<marc:record xmlns:marc="http://www.loc.gov/MARC21/slim">
   <marc:leader>00000nam a2200000 a 4500</marc:leader>
   <marc:datafield ind1="1" ind2=" " tag="100">
      <marc:subfield code="a">TAO Studios</marc:subfield>
   </marc:datafield>
   <marc:datafield ind1="1" ind2=" " tag="100">
      <marc:subfield code="a">Lilly, Tom, Nika und andere</marc:subfield>
   </marc:datafield>
   <marc:datafield ind1=" " ind2=" " tag="653">
      <marc:subfield code="a">Sachthema / Tonie</marc:subfield>
   </marc:datafield>
   <marc:datafield ind1=" " ind2=" " tag="653">
      <marc:subfield code="a">Lieder</marc:subfield>
   </marc:datafield>
   <marc:datafield ind1="0" ind2="0" tag="245">
      <marc:subfield code="a">Lichterkinder - Das kleine 1x1</marc:subfield>
   </marc:datafield>
   <marc:datafield ind1=" " ind2="1" tag="264">
      <marc:subfield code="b">Tao.de</marc:subfield>
      <marc:subfield code="c">2026</marc:subfield>
   </marc:datafield>
   <marc:datafield ind1="1" ind2=" " tag="520">
      <marc:subfield code="a">Lernen mit Liki und Lumi – das fällt leicht und macht Spaß!&#xD;
Liki und Lumi nehmen uns mit auf eine neue Etappe durch das riesige, bunte Lernland – ein Ort voller Entdeckungen, Fantasie und Freude. Dieses Mal machen wir Station auf einer Zahleninsel, wo "Das Kleine 1 x1" zuhause ist.&#xD;
&#xD;
01 - Lernen mit Liki und Lumi&#xD;
02 - Das Einmaleins hilft dir ein Leben lang&#xD;
03 - Das 1x1&#xD;
04 - Doppelt so viel&#xD;
05 - Das 1x2&#xD;
06 - Wir tanzen mit der Drei&#xD;
07 - Das 1x3&#xD;
08 - Vier Pferdebeine&#xD;
09 - Das 1x4&#xD;
10 - Die fünf Sternenzacken&#xD;
11 - Das 1x5&#xD;
12 - Ein Reim zu jedem Ergebnis&#xD;
13 - Das 1x6&#xD;
14 - Die Glückszahl&#xD;
15 - Das 1x7&#xD;
16 - Die Achterbahn&#xD;
17 - Das 1x8&#xD;
18 - Der Finger-Zaubertrick&#xD;
19 - Das 1x9&#xD;
20 - Prächtige Zahlen&#xD;
21 - Das 1x10&#xD;
22 - Zahlen mit sich selbst malnehmen&#xD;
23 - Die Quadratzahl&#xD;
24 - Was haben wir gelernt?&#xD;
25 - Das Aufgabenlied mit der 2&#xD;
26 - Wir üben mit der Vier&#xD;
27 - Das Aufgabenlied mit der 4&#xD;
28 - Die Zahlen werden größer&#xD;
29 - Das Aufgabenlied mit der 7&#xD;
30 - Mal so mal so, mal hin und her&#xD;
31 - Kreuz und quer&#xD;
32 - Das war die Reise durch' s Einmaleins</marc:subfield>
   </marc:datafield>
   <marc:datafield ind1="3" ind2=" " tag="024">
      <marc:subfield code="a">4251192175090</marc:subfield>
   </marc:datafield>
   <marc:datafield ind1=" " ind2=" " tag="041">
      <marc:subfield code="a">ger</marc:subfield>
   </marc:datafield>
   <marc:datafield ind1="1" ind2=" " tag="521">
      <marc:subfield code="a">5+</marc:subfield>
   </marc:datafield>
   <marc:datafield ind1=" " ind2=" " tag="338">
      <marc:subfield code="a">Gegenstand</marc:subfield>
   </marc:datafield>
   <marc:datafield ind1=" " ind2=" " tag="300">
      <marc:subfield code="a">1</marc:subfield>
   </marc:datafield>
</marc:record>
